Stručný kurs marketingu. 10.

Klamlivé označenie tovarov a služieb. Vyvolanie nebezpečia zámeny. Parazitovanie na povesti. Zľahčovanie. Výklad paragrafov 46-50.

Salvato in:
Dettagli Bibliografici
Natura: Capitolo di libro
Lingua:ceco
Soggetti:
Tags: Aggiungi Tag
Nessun Tag, puoi essere il primo ad aggiungerne!!

MARC

LEADER 00000naa a2200000 4500
001 r009790
005 20220831084721.6
041 0 |a cze 
044 |a [CS] 
245 1 0 |a Stručný kurs marketingu. 10. 
520 |a Klamlivé označenie tovarov a služieb. Vyvolanie nebezpečia zámeny. Parazitovanie na povesti. Zľahčovanie. Výklad paragrafov 46-50. 
610 2 0 |a marketing 
610 2 0 |a reklama klamlivá 
610 2 0 |a vzdelávanie 
610 2 0 |a reklama 
610 2 0 |a predpisy právne 
610 2 0 |a ČSFR